| 000 | 00484nam a2200181Ia 4500 | ||
|---|---|---|---|
| 003 | LK-CoDNM | ||
| 005 | 20230923101301.0 | ||
| 008 | 010623t1924 xxu||||| |||| 00| 1 eng d | ||
| 040 |
_aLK-CoDNM _dLK-CoDNM _eLK-CoDNM |
||
| 041 | _aeng | ||
| 080 | _a12 R8 | ||
| 100 | _aLongden,Major A.A. | ||
| 245 | _aThe Literature of the Empire : The Art of the Empire | ||
| 260 |
_bW.Collins Sons Co _aLondon _c1924 |
||
| 300 | _bxv,295p., 22 cm | ||
| 700 |
_aSalmon,Edward _eed. |
||
| 942 | _cBK | ||
| 999 |
_c92229 _d92229 |
||